000 01760nam a2200205 a 4500
008 180206e2000 ag ||||| |||| 00| 1 spa d
020 _a8495618710
041 _aspa
092 _c808
_l8
_sBRO
100 1 _aBrown, Dan
_93923
245 _aÁngeles y demonios /
_cDan Brown
250 _a1a ed.
_bTraducción Eduardo G. Murillo
260 _aBarcelona:
_bUrano;
_c2004.
300 _a606 p.
500 _aBrown, D. (2004). Ángeles y demonios. (1a ed.). Barcelona : Urano.
505 _aEn un laboratorio de máxima seguridad, aparece asesinado un científico con un extraño símbolo grabado a fuego en su pecho. Para el profesor Robert Langdon no hay duda: los Illuminati, los hombres enfrentados a la iglesia desde los tiempos de Galileo, han regresado. Y esta vez disponen de la más mortífera arma que ha creado la humanidad, un artefacto con el que pueden ganar la batalla final contra su eterno enemigo. Acompañado de una joven científica y un audaz capitán de la Guardia Suiza, Langdon comienza una carrera contra reloj, en una búsqueda desesperada por los rincones más secretos del Vaticano. Necesitará todo su conocimiento para descifrar las claves ocultas que los Illuminati han dejado a través de los siglos en manuscritos y templos, y todo su coraje para vencer al despiadado asesino que siempre parece llevarle la delantera. El autor de El Código Da Vinci nos arrastra a un espiral de acción sin pausa, un impactante thriller donde se suceden las sorpresas y se revelan algunos de los más oscuros enigmas de la historia. Fuerzas que han permanecido ocultas durante siglos y que ahora planean destruir la Iglesia...literalmente.
590 _aDONACION MARIA VITARELLI DIC/2017.
655 _aLiteratura
_92917
942 _2ddc
_cLIT
999 _c3147
_d3147